[Event "Tilburg Fontys"]
[Site "Tilburg"]
[Date "1997.09.30"]
[Round "4"]
[White "Van Wely, Loek"]
[Black "Svidler, Peter"]
[Result "1/2-1/2"]
[WhiteElo "2655"]
[BlackElo "2660"]
[Annotator "Svidler,P"]
[PlyCount "43"]
[EventDate "1997.09.27"]
[EventType "tourn"]
[EventRounds "11"]
[EventCountry "NED"]
[EventCategory "17"]
[SourceTitle "CBM 061"]
[Source "ChessBase"]
[SourceDate "1997.11.23"]
[SourceVersion "1"]
[SourceVersionDate "1997.11.23"]
[SourceQuality "1"]

1. d4 {Ftacnik} Nf6 2. c4 g6 3. Nc3 d5 4. Bf4 Bg7 5. e3 c5 6. dxc5 Qa5 7. Qa4+
Qxa4 8. Nxa4 Bd7 9. Nc3 Ne4 $5 $146 (9... Na6 {Ftacnik} 10. cxd5 Nxc5 11. Nf3
O-O 12. Rd1 Rfd8 13. Be5 Na4 14. Nxa4 Bxa4 15. Rd4 Bc2 16. Bc4 a6 17. Ke2 b5
18. Rc1 Be4 19. Bb3 Bxd5 20. Bxd5 Nxd5 21. Rcd1 e6 22. e4 Bxe5 23. Nxe5 Nf4+
24. Kf3 Rxd4 25. Rxd4 {1-0 Andruet,G-Bernard,C/FRA-ch Epinal 1986/(42)}) 10.
Nxd5 (10. Nge2 Nxc5 $5 (10... Na6 11. cxd5 Naxc5 12. Rd1 $1 (12. Nxe4 Nxe4 13.
Nd4 (13. f3 Bxb2 14. Rb1 Nc5) 13... Rc8 14. Rd1 (14. f3 Bxd4 15. exd4 Nf6 16.
Be5 Rc2 $13) 14... Bxd4 (14... Ba4 $5 15. b3 Bd7 $13 {/\ Nc3}) 15. Rxd4 Rc1+
16. Ke2 f5 (16... Bb5+ 17. Kf3 Bxf1 18. Rxe4 Be2+ 19. Kxe2 Rxh1 20. d6 e6 21.
Rc4 $18) 17. Rb4 Rc2+ 18. Kd1 Rc5 $13) (12. Nd4 Nxc3 13. bxc3 Rc8 $44) 12...
Rc8 13. Nxe4 Nxe4 14. f3 Nc5 15. b3 $16) 11. Nxd5 Nd3+ 12. Kd2 Nxf2 13. Nc7+
Kd8 14. Nxa8 e5 15. Bg5+ f6 $13 {xNa8}) (10. Nxe4 {Ftacnik} dxe4 11. O-O-O Na6
$11) 10... Na6 11. f3 (11. Rb1 $5 Bf5 $1 $13) (11. Nf3 {Ftacnik} e6 12. Nc7+
Nxc7 13. Bxc7 Bxb2 14. Rb1 Bc3+ 15. Ke2 Nxc5 $13) 11... Nexc5 12. O-O-O (12.
Rb1 $5 e6 (12... Rc8 13. Bg5 $1 f6 14. Bh4 g5 15. Bg3 e6 16. Nc3 Nb4 (16... f5
17. Rd1 Na4 18. Nxa4 Bxa4 19. b3 Bc6 20. Bd6 $16) 17. Rd1 f5 18. Rd2 $1 $14)
13. Nc7+ Nxc7 14. Bxc7 Na4 $1 $13) (12. Bg5 Bxb2 13. Rb1 f6 $11) (12. Nc3 {
Ftacnik} Nb4 13. O-O-O Rd8 (13... Bxc3 14. bxc3 Nxa2+ 15. Kb2 Na4+ 16. Kb3
N4xc3 17. Ra1 Ba4+ 18. Ka3 f6 $13) 14. Nd5 Nxa2+ 15. Kb1 Nb4 16. Nc7+ (16. Nxb4
Bf5+ $17) 16... Kf8 17. e4 $11) 12... e6 (12... Rc8 13. Bg5 f6 14. Bh4 g5 15.
Be1 $16) 13. Nc7+ {Ftacnik: In the future white will rather have to try the
modest retreat, since now black gets hot counterplay. Ftacnik: Weiss soll im
Zukunft lieber den bescheidene Rueckzug 13.Nc3 versuchen, jetzt erhaelt
Schwarz heißes Gegenspeil.} (13. Nc3 Bxc3 (13... Rc8 14. e4 $1 Bxc3 15. bxc3 f6
16. e5 $16) 14. bxc3 f6 $44 {/\ e5, Be6, Rc8; xc3,c4} (14... f6 {Ftacnik} 15.
Ne2 Rc8 $14)) 13... Nxc7 14. Bxc7 Rc8 15. Bd6 (15. Bg3 {Ftacnik} b5 16. cxb5
Na4+ 17. Kd2 Bxb2 $11) 15... b5 $1 16. b3 $8 (16. Bxc5 {Ftacnik} Rxc5 17. b4
Rc7 18. c5 Bc3 19. a3 a5 20. Kc2 (20. Rxd7 Kxd7 21. Bxb5+ Ke7 $17) 20... axb4
21. Kb3 Rxc5 22. axb4 Rc7 23. Ne2 Bf6 $11) (16. cxb5 $2 {Ftacnik} Ne4+ 17. Kb1
Nf2 $19) 16... bxc4 17. Bxc4 (17. bxc4 {Ftacnik} Nb7 18. Ba3 Bb5 $15) 17... Na4
$1 18. Rd2 $8 (18. bxa4 {Ftacnik} Rxc4+ 19. Kd2 Bxa4 $17) (18. Kd2 {Ftacnik}
Bc3+ 19. Ke2 Nb2 20. Rc1 Nxc4 21. bxc4 Rxc4 22. Kd3 Bb5 23. a4 Ba6 24. Rxc3
Rc6+ 25. Kc2 Rxd6 26. Nh3 $11) 18... Bb5 19. Rc2 Bxc4 20. bxc4 (20. Rxc4 {
Ftacnik} Rxc4+ 21. bxc4 Kd7 22. Bg3 Rc8 $15) 20... Kd7 21. c5 (21. Ba3 Rc6 22.
Ne2 Rhc8 23. Rd1+ Ke8 $11) 21... Rc6 $1 22. Ne2 (22. Ne2 Nxc5 $1 23. Rd1 $1 (
23. Bxc5 Rhc8 24. Rd1+ Ke8 25. Kd2 Rxc5 26. Rxc5 Rxc5 $15) 23... Rxd6 24. Rxc5
$11 {/\ Ra5}) (22. Rd2 {Ftacnik} Kc8 23. Rc2 Kb7 24. Ne2 Nxc5) 1/2-1/2

[Event "Montreal-A 5th"]
[Site "Montreal"]
[Date "2004.08.13"]
[Round "9"]
[White "Novikov, Igor A"]
[Black "Tyomkin, Dimitri"]
[Result "1-0"]
[WhiteElo "2610"]
[BlackElo "2498"]
[Annotator "Tyomkin,D"]
[PlyCount "81"]
[EventDate "2004.08.04"]
[EventType "tourn"]
[EventRounds "11"]
[EventCountry "CAN"]
[EventCategory "12"]
[SourceTitle "CBM 103"]
[Source "ChessBase"]
[SourceDate "2004.11.11"]
[SourceVersion "1"]
[SourceVersionDate "2004.11.11"]
[SourceQuality "1"]

1. d4 {Krasenkow,M} Nf6 2. c4 g6 3. Nc3 d5 4. Bf4 Bg7 5. e3 c5 6. dxc5 Qa5 7.
Rc1 dxc4 8. Bxc4 O-O 9. Nge2 Nc6 {Krasenkow,M: 'A cunning order of moves.'} (
9... Qxc5 10. Qb3 Nc6 11. Nb5 Qh5 12. Ng3 {- is the main line; 9...Nc6 may
lead to the same;}) 10. O-O ({Krasenkow,M: To} 10. Qb3 {Krasenkow,M: 'Black
can continue'} Qxc5 (10... Ne4 {Krasenkow,M} 11. O-O $6 Nd2 12. Qb5 Nxf1 13.
Kxf1 Qxb5 14. Bxb5 Be6 $17 {1-0 Kharkova,E-Zezulkin,J/Katowice 1992/TD (46)})
11. Nb5 Qh5 {- transforms it to the main line with lots of complications and
tactics;}) {Krasenkow,M: However, White can simply castle.} 10... Qxc5 11. Nb5
Qh5 $146 {The move of Victor Mikhalevski (11...Be6) also gives black good
chances for an equality;} (11... Be6 {'!?' Krasenkow,M.} 12. Nc7 (12. Bd3 $5
Qb4 13. a3 (13. Nc7 Rad8 14. Nxe6 fxe6 15. Qc2 Nh5 $132) 13... Qb3 14. Qxb3
Bxb3 15. Nbd4 $14) 12... Bxc4 13. Nxa8 Bxe2 (13... Rxa8 14. Qc2 b5 15. b3 Nb4
16. Qb1 Nd3 17. Rc2 Nb4 $11) 14. Qxe2 Qa5 15. b4 $1 {'[]' Krasenkow,M.} (15.
Nc7 $2 e5 {'-+' Krasenkow,M. Krasenkow,M: '0-1 Sergeev,V-Mikhalevski,V/Dos
Hermanas 2004/CBM 99 ext (67)'} 16. Bxe5 Qxe5 $17 {0-1 Sergeev,V-Mikhalevski,V/
Dos Hermanas 2004/CBM 99 ext (67)}) 15... Nxb4 16. a3 Qxa3 17. Ra1 Qd3 18. Qxd3
Nxd3 19. Rxa7 Nxf4 20. exf4 Nd5 {and this must be a draw;}) 12. Nc7 Rb8 13. Nd5
(13. Qa4 $5 {Krasenkow,M} e5 (13... Bd7) 14. Bg3 Bd7 15. Nc3 Rbc8 16. N7d5 $14
{1-0 Soln,P-Rocko,I/Plzen 1995/EXT 97 (51)}) 13... Ra8 $6 {13...e5 doesn't
look like a good move: it weakens d5 and closes Bg7, but actually that's the
best move here, and black probably levels the game that way; Krasenkow,M:
'This is insufficient for equality.'} (13... e5 $1 {'!?' Krasenkow,M.} 14. Bg3
Ne4 $1 (14... Nxd5 15. Bxd5 Ne7 16. Bf3 Bg4 17. Nf4 $1 $16)) (13... Nxd5 {
Krasenkow,M} 14. Bxb8 Nb6 15. Bc7 Bxb2 16. Rc2 Nxc4 17. Rxc4 $14) 14. Nec3 $14
{Krasenkow,M: 'White doesn't want a draw!'} Qxd1 15. Rfxd1 {Krasenkow,M:
'White has a huge development advantage but lack of weaknesses enables Black
to defend firmly.'} Bf5 16. f3 {Too slow: The aggresive 16.Bb5 causes black
troubles;} (16. Bb5 $1 {[%csl Re7]} Nxd5 17. Nxd5 e5 18. Bxc6 $16) 16... Nxd5
17. Bxd5 Rad8 18. e4 Be6 (18... Bd7 {(Krasenkow,M) would be also met by} 19.
Be3 $14 ({but not} 19. Bc7 Rc8 (19... Bd4+ $143 20. Kh1 Rc8 21. Bxc6 Rxc7 22.
Rxd4 Bxc6 23. Nd5 Rd7 24. Rxc6 bxc6 25. Nf6+ exf6 26. Rxd7 $14) 20. Bxf7+ $140
$2 Kxf7 21. Rxd7 Ke6 22. Rcd1 Nd4 $17)) 19. Be3 {'!' Krasenkow,M.} (19. Bxe6
fxe6 20. Be3 a6 {and black pawns aren't any weak;}) 19... a6 (19... Bxd5 20.
exd5 Nb4 {Krasenkow,M: 'was more consequent.'} 21. Bxa7 (21. d6 $6 {Krasenkow,M
} Rxd6 22. Rxd6 exd6 23. Bxa7 Ra8) 21... Bxc3 22. bxc3 (22. Rxc3 {Krasenkow,M}
Nxd5 {[%csl Gd5]}) 22... Nxd5 {Krasenkow,M: 'with good drawing chances.'} 23.
c4 $14) 20. Bb6 Rc8 (20... Rd6 {Krasenkow,M} 21. Bc5 Rdd8 22. f4 $5 $36) 21.
Bxe6 fxe6 22. Na4 Ne5 23. Bc7 {Krasenkow,M: 'Attractive but Black has a good
response.'} (23. b3 {Krasenkow,M} Bh6 $132) 23... Bh6 {An attempt to play for
a win! 23...Nc6 would lead to a draw most likely; All this was in a
time-trouble of black;} (23... Nc6 24. Bg3 (24. Bb6 Ne5) 24... Rfd8 {and black
must reach a draw here easily;}) 24. Rc3 Bf4 {In view of Nxf3 threat white
must move the king;} 25. Kf1 (25. Kh1 $143 {Krasenkow,M} Ng4 $1 26. Bb6 Rxc3
27. bxc3 Ne5 $14) 25... Nxf3 {'?' Krasenkow,M. Brave move! But white has a way
to refute black's tactical idea- see note to move 27! Actually, there was no
way back- white has an advantage in all lines anyhow, for example:  Krasenkow,
M: 'A wrong combination but after'} (25... b5 26. Nb6 Rxc7 27. Rxc7 Ng4 28.
Rdd7 $16) (25... Bxh2 {Krasenkow,M} 26. Nb6 Rxc7 27. Rxc7 Nxf3 28. Rxb7 {
White keeps the upper hand although the position is not so easy.}) 26. Bxf4
Rxc3 27. Bh6 $2 {[%mdl 64] White misses the way for an advantage...But
unfortunately I didn't exploit Igor's mistake;} (27. Nxc3 {'>=' Krasenkow,M.}
Ne5 (27... Nh4 {Krasenkow,M} 28. g3) 28. Rd8 $1 {found by Alex Moiseenko in a
post mortem of this game;} Rxd8 29. Bxe5 $16 Rd2 {Krasenkow,M} 30. Ne2 {
with two pieces for a rook and no sufficient compensation for Black.}) 27...
Nd2+ $4 {[%mdl 64] Missing a big chance, which was easily found by Fritz later
on; In case of 27...Rc4 black gets even some advantage!} ({Krasenkow,M:
however,} 27... Rc4 $1 28. Bxf8 (28. gxf3 Rxa4 $15) (28. b3 Nd2+ 29. Ke2 (29.
Kg1 Rc2 $1 $17) 29... Rxe4+ 30. Kxd2 Rd8+ 31. Kc1 Rxd1+ 32. Kxd1 Rh4 $17) 28...
Rxa4 {Krasenkow,M: 'enabled Black to avoid material losses due to his ...Rd4!
threat:'} 29. Bh6 (29. Rd8 Rd4 {'!' Krasenkow,M.} 30. Rc8 (30. Rxd4 {Krasenkow,
M} Nxd4 31. Bxe7 $11) 30... Nd2+ 31. Ke2 Kf7 32. Bh6 g5 $3 {'!' Krasenkow,M.
This move actually saves the whole line 27...Rc4!} 33. Bxg5 Nxe4 $15 34. Be3 {
Krasenkow,M} Rd7 $11) 29... Rd4 30. Rc1 Nd2+ 31. Ke2 Nc4 32. b3 $140 (32. Rf1
Rd8 33. b3 Nd6 $15) 32... Nd6) (27... Nxh2+ {Krasenkow,M} 28. Kg1 Rc4 29. Bxf8
Kxf8 (29... Ng4 30. b3) 30. Nb6 $16) 28. Ke2 {Now black just loses material-
too many pieces hanging and there is no way to save them all....} Rc4 29. Bxf8
Kxf8 (29... Rxa4 30. Bh6 {and black knight can't move because of bankrank mate;
}) 30. Nb6 $18 {That's it - white knight escapes from attack of black pieces;}
Rxe4+ (30... Rc6 31. Nd7+ Ke8 32. Rxd2 $18) 31. Kxd2 Rb4 32. Nd7+ Ke8 33. Kc3
Rb5 34. a4 Rh5 35. h3 a5 36. Nb6 Rc5+ 37. Nc4 {Black is dead- no chances to
save this ending;} Kf7 38. Rd7 Rg5 39. g4 h5 40. Rxb7 hxg4 41. hxg4 1-0